Origen de los americanos. Miqweh Yisra el, esto es Esperanza de Israel (Record no. 159391)
[ view plain ]
| 000 -LEADER | |
|---|---|
| campo de control de longitud fija | 01190nam a22002295i 4500 |
| 001 - NÚMERO DE CONTROL | |
| campo de control | 159391 |
| 003 - IDENTIFICADOR DE NÚMERO DE CONTROL | |
| campo de control | ES-MaACL |
| 005 - FECHA Y HORA DE LA ÚLTIMA TRANSACCIÓN | |
| campo de control | 20250929063229.0 |
| 008 - DATOS DE LONGITUD FIJA--INFORMACIÓN GENERAL | |
| campo de control de longitud fija | 970813s1881 sp a |||| | spa d |
| 040 ## - FUENTE DE CATALOGACIÓN | |
| Centro catalogador/agencia de origen | CLM |
| Lengua de catalogación | spa |
| Centro/agencia transcriptor | CLM |
| 100 0# - ENTRADA PRINCIPAL--NOMBRE DE PERSONA | |
| Nombre de persona | Menasseh ben Israel, |
| Fechas asociadas al nombre | 1604-1657 |
| 9 (RLIN) | 129821 |
| 245 10 - MENCIÓN DEL TÍTULO | |
| Título | Origen de los americanos. Miqweh Yisra el, esto es Esperanza de Israel |
| Resto del título | : reimpresion a plana y renglón del libro de Menasseh ben Israel teólogo y filósofo hebreo sobre el origen de los americanos publicado en Amsterdam 5410 (1650) / |
| Mención de responsabilidad, etc. | con un preámbulo ... y la biografía del autor por Santiago Pérez Junquera. |
| 260 ## - PUBLICACIÓN, DISTRIBUCIÓN, ETC. | |
| Lugar de publicación, distribución, etc. | Madrid : |
| Nombre del editor, distribuidor, etc. | Librería de Santiago Pérez Junquera, |
| Fecha de publicación, distribución, etc. | 1881 ( |
| Fabricante | Imprenta y litografía de la Biblioteca Universal) |
| 300 ## - DESCRIPCIÓN FÍSICA | |
| Extensión | XXXVII, [16], 126 p., [1] h. de lám ; |
| Dimensiones | 17 cm. |
| 594 #1 - Nota al título y mención de responsabilidad | |
| Nota al título y mención de responsabilidad | Tít. paralelo en cararacteres hebreos. |
| 595 #1 - | |
| -- | Reimp. de la ed. de Amsterdam : en la impresion de Semuel Ben Israel Soeiro, 5410 (1650) |
| 599 #1 - NOTA A LAS ILUSTRACIONES | |
| NOTA A LAS ILUSTRACIONES | La h. de lam. retrato del autor. |
| 650 ## - PUNTO DE ACCESO ADICIONAL DE MATERIA--TÉRMINO DE MATERIA | |
| Término de materia o nombre geográfico como elemento de entrada | Judíos- |
| Subdivisión de forma | Historia. |
| 9 (RLIN) | 13994 |
| 700 21 - ENTRADA AGREGADA--NOMBRE PERSONAL | |
| Nombre de persona | Pérez Junquera, Santiago, |
| Término indicativo de función/relación | |
| 9 (RLIN) | 131467 |
| 852 ## - LOCALIZACIÓN | |
| Ubicación | ES-MaACL |
| Número de control de estantería | F-9346 |
| Nota libre | -- Enc. pasta |
| Estatus retirado | Estado de pérdida | Estado de daño | No para préstamo | Colección | Biblioteca de origen | Biblioteca actual | Ubicación en estantería | Fecha de adquisición | Fuente de adquisición | Total de préstamos | Signatura topográfica completa | Código de barras | Visto por última vez | Precio de reemplazo | Tipo de ítem Koha |
|---|---|---|---|---|---|---|---|---|---|---|---|---|---|---|---|
| Libros del s. XIX | Biblioteca del Ateneo de Madrid | Biblioteca del Ateneo de Madrid | Sala Pecera Planta 2 | 17/01/2008 | F-9346 | 1166860 | 23/02/2023 | 23/02/2023 | Libro impreso antiguo |
